| Tag |
First Indicator |
Second Indicator |
Subfields |
| LEADER |
00000cam a2200000 i 4500 |
| 001 |
in00004093721 |
| 005 |
20211120104450.0 |
| 006 |
m o d f |
| 007 |
cr ||||||||||| |
| 008 |
200318s2004 mdub obs f000 0 eng c |
| 035 |
|
|
|a (OCoLC)on1145169369
|
| 042 |
|
|
|a pcc
|
| 043 |
|
|
|a a-np---
|
| 040 |
|
|
|a GPO
|b eng
|e rda
|e pn
|c GPO
|d MvI
|
| 049 |
|
|
|a WWW
|
| 074 |
|
|
|a 0900-I (online)
|
| 086 |
0 |
|
|a ID 1.2:AN 8/3
|
| 100 |
1 |
|
|a Matthews, Stephen A.,
|d 1963-
|e author.
|
| 245 |
1 |
0 |
|a Contextual influences on the use of antenatal care in Nepal /
|c Stephen A. Matthews, Bina Gubhaju.
|
| 264 |
|
1 |
|a Calverton, Maryland :
|b MEASURE DHS+, ORC Macro,
|c 2004.
|
| 300 |
|
|
|a 1 online resource (ix, 58 pages) :
|b maps.
|
| 336 |
|
|
|a text
|b txt
|2 rdacontent
|
| 337 |
|
|
|a computer
|b c
|2 rdamedia
|
| 338 |
|
|
|a online resource
|b cr
|2 rdacarrier
|
| 490 |
1 |
|
|a DHS geographic studies ;
|v 2
|
| 500 |
|
|
|a "September 2004."
|
| 504 |
|
|
|a Includes bibliographical references (pages 37-41).
|
| 588 |
|
|
|a Description based on online resource, PDF version; title from title page (DHS website, viewed March 18, 2020).
|
| 650 |
|
0 |
|a Prenatal care
|z Nepal
|v Statistics.
|
| 650 |
|
0 |
|a Maternal health services
|z Nepal
|v Statistics.
|
| 650 |
|
7 |
|a Maternal health services.
|2 fast
|0 (OCoLC)fst01011995
|
| 650 |
|
7 |
|a Medical care.
|2 fast
|0 (OCoLC)fst01013753
|
| 650 |
|
7 |
|a Prenatal care.
|2 fast
|0 (OCoLC)fst01075446
|
| 651 |
|
7 |
|a Nepal.
|2 fast
|0 (OCoLC)fst01206102
|
| 655 |
|
7 |
|a Statistics.
|2 fast
|0 (OCoLC)fst01423727
|
| 700 |
1 |
|
|a Gubhaju, Bina,
|e author.
|
| 710 |
2 |
|
|a ORC Macro.
|b MEASURE/DHS+ (Programme),
|e issuing body.
|
| 776 |
0 |
8 |
|i Print version:
|a Matthews, Stephen A.
|t Contextual influences on the use of antenatal care in Nepal
|w (DLC) 2007467108
|w (OCoLC)57760724
|
| 830 |
|
0 |
|a DHS geographic studies ;
|v 2.
|
| 856 |
4 |
0 |
|u https://purl.fdlp.gov/GPO/gpo133573
|t 0
|
| 999 |
f |
f |
|s 4875302f-d7f4-39f4-8913-a1b1147ec50a
|i ee1d7b3c-f25e-3017-80c1-852808e11689
|t 0
|
| 952 |
f |
f |
|a Texas A&M University
|b College Station
|c Electronic Resources
|d Available Online
|t 0
|e ID 1.2:AN 8/3
|h Superintendent of Documents classification
|
| 998 |
f |
f |
|a ID 1.2:AN 8/3
|t 0
|l Available Online
|